| 000 | 00489nam a2200181Ia 4500 | ||
|---|---|---|---|
| 999 |
_c37436 _d37436 |
||
| 003 | OSt | ||
| 005 | 20200929115730.0 | ||
| 008 | 190216s9999||||xx |||||||||||||| ||und|| | ||
| 020 | _a50506166851 | ||
| 040 | _coclc | ||
| 082 |
_a590 _bDMI/M |
||
| 100 |
_aDmitriyev, Yuri _95129 |
||
| 245 | 0 |
_aMan And Animals / _cYuri Dmitriyev |
|
| 260 |
_bRaduga Publishers, _c1984. _aMoscow: |
||
| 300 | _a336p | ||
| 650 | _aZoology | ||
| 942 |
_cBK _2ddc _h590 _iDMI/M _k590 _mDMI/M |
||